7500 câu đàm thoại Anh - Việt thông dụng = Mastering course of modern English : Self-Learning

Sách này để làm tài liệu cho các bạn tự học, tự rèn luyện vốn giao tiếp Anh ngữ của mình. Sách bao gồm khá đầy đủ các tình huống giao tiếp theo lối đàm thoại hằng ngày để các bạn dễ dàng lãnh hội và sử dụng đúng ngữ cảnh của mình cầ...

Disgrifiad llawn

Wedi'i Gadw mewn:
Manylion Llyfryddiaeth
Fformat: Llyfr
Iaith:Undetermined
Cyhoeddwyd: Thành phố Hồ Chí Minh Tổng hợp 2007
Pynciau:
Tagiau: Ychwanegu Tag
Dim Tagiau, Byddwch y cyntaf i dagio'r cofnod hwn!
Thư viện lưu trữ: Trung tâm Học liệu Trường Đại học Cần Thơ
LEADER 01253nam a2200229Ia 4500
001 CTU_194448
008 210402s9999 xx 000 0 und d
082 |a 428.34 
082 |b B112/CDA 
245 0 |a 7500 câu đàm thoại Anh - Việt thông dụng = 
245 0 |b Mastering course of modern English : Self-Learning 
245 0 |c Biên soạn: Ninh Hùng , Phạm Việt Thanh 
260 |a Thành phố Hồ Chí Minh 
260 |b Tổng hợp 
260 |c 2007 
520 |a Sách này để làm tài liệu cho các bạn tự học, tự rèn luyện vốn giao tiếp Anh ngữ của mình. Sách bao gồm khá đầy đủ các tình huống giao tiếp theo lối đàm thoại hằng ngày để các bạn dễ dàng lãnh hội và sử dụng đúng ngữ cảnh của mình cần giao tiếp. 
650 |a English language,English language,Tiếng Anh 
650 |x Spoken english,Đàm thoại tiếng Anh 
904 |i Giang 
910 |a Sách kèm CD số: AVA.000126, AVA.000114, AVA.000125, AVA.000124, AVA.000136, AVA.000111, AVA.000113, AVA.000115 
915 |a 400 
980 |a Trung tâm Học liệu Trường Đại học Cần Thơ